Relacion del viaje hecho a los reynos del Perú y Chile por los botánicos y dibuxantes enviados para aquella expedición (Record no. 135691)

MARC details
000 -LEADER
campo de control de longitud fija 01523nam a2200277 i 4500
001 - NÚMERO DE CONTROL
campo de control 135691
003 - IDENTIFICADOR DE NÚMERO DE CONTROL
campo de control ES-MaACL
005 - FECHA Y HORA DE LA ÚLTIMA TRANSACCIÓN
campo de control 20260120110224.0
007 - CAMPO FIJO DE DESCRIPCIÓN FÍSICA--INFORMACIÓN GENERAL
campo de control de longitud fija t|
008 - DATOS DE LONGITUD FIJA--INFORMACIÓN GENERAL
campo de control de longitud fija 070214s1931 sp r ||||1| spa d
100 1# - ENTRADA PRINCIPAL--NOMBRE DE PERSONA
Nombre de persona Ruiz, Hipólito.
9 (RLIN) 100610
245 10 - MENCIÓN DEL TÍTULO
Título Relacion del viaje hecho a los reynos del Perú y Chile por los botánicos y dibuxantes enviados para aquella expedición
Resto del título : extractado de los diarios por el orden que llevó en éstos su autor /
Mención de responsabilidad, etc. don Hipólito Ruiz ; publicada por primera vez por la Comisión de Estudios Retrospectivos de Historia Natural de la Real Academia de Ciencias Exactas, Físicas y Naturales de Madrid y revisada y anotada por el vocal de la misma R. P. A. J. Barreiro, O. S. A.
260 ## - PUBLICACIÓN, DISTRIBUCIÓN, ETC.
Lugar de publicación, distribución, etc. Madrid :
Nombre del editor, distribuidor, etc. Comision de Estudios Retrospectivos de Historia Natural de la Real Academia de Ciencias Exactas, Fisicas y Naturales,
Fecha de publicación, distribución, etc. 1931.
300 ## - DESCRIPCIÓN FÍSICA
Extensión 558 p. ;
Dimensiones 26 x 18 cm.
530 ## - NOTA DISPONIBLE DE FORMULARIO FÍSICO ADICIONAL
Nota de formato físico adicional disponible Disponible en formato digital.
650 #4 - PUNTO DE ACCESO ADICIONAL DE MATERIA--TÉRMINO DE MATERIA
Término de materia o nombre geográfico como elemento de entrada Flora-
Subdivisión geográfica Perú.
9 (RLIN) 164466
650 #4 - PUNTO DE ACCESO ADICIONAL DE MATERIA--TÉRMINO DE MATERIA
Término de materia o nombre geográfico como elemento de entrada Flora-
Subdivisión geográfica Chile.
9 (RLIN) 164467
651 #4 - PUNTO DE ACCESO ADICIONAL DE MATERIA--NOMBRE GEOGRÁFICO
Nombre geográfico Perú-
Subdivisión general Descripción-
Subdivisión de forma Obras anteriores a 1800.
9 (RLIN) 142621
651 #4 - PUNTO DE ACCESO ADICIONAL DE MATERIA--NOMBRE GEOGRÁFICO
Nombre geográfico Chile-
Subdivisión general Descripción-
Subdivisión de forma Obras anteriores a 1800.
9 (RLIN) 164468
700 1# - ENTRADA AGREGADA--NOMBRE PERSONAL
Nombre de persona Barreiro, Agustín Jesús,
Fechas asociadas al nombre 1865-1937
9 (RLIN) 25888
710 2# - ENTRADA AGREGADA--NOMBRE DE ENTIDAD CORPORATIVA
Nombre de entidad corporativa o nombre de jurisdicción como elemento de entrada Real Academia de Ciencias Exactas, Físicas y Naturales de España.
9 (RLIN) 175635
852 ## - LOCALIZACIÓN
Ubicación ES-MaACL
Número de control de estantería A-18
Ubicación en estantería Sala Pecera Planta 1
856 4# - LOCALIZACIÓN Y ACCESO ELECTRÓNICOS
Identificador Uniforme de Recursos <a href="http://bdh-rd.bne.es/viewer.vm?id=0000040056&page=1 ">http://bdh-rd.bne.es/viewer.vm?id=0000040056&page=1 </a>
Texto de enlace (Biblioteca Digital Hispánica)
942 ## - ELEMENTOS DE ENTRADA SECUNDARIOS (KOHA)
Fuente del sistema de clasificación o colocación Clasificación decimal universal
Holdings
Estatus retirado Estado de pérdida Estado de daño No para préstamo Colección Biblioteca de origen Biblioteca actual Ubicación en estantería Fecha de adquisición Fuente de adquisición Total de préstamos Signatura topográfica completa Código de barras Visto por última vez Precio de reemplazo Tipo de ítem Koha
        Colección digital Biblioteca del Ateneo de Madrid Biblioteca del Ateneo de Madrid Sala Pecera Planta 1 17/01/2008     A-18 1141221 23/02/2023 23/02/2023 Libro impreso